[Event "British Rapidplay Championship 2023"]
[Site "Mercure Bradford, Bankfield Hotel"]
[Date "2023.04.16"]
[Round "7.21"]
[White "Railwani, Tavish"]
[Black "Singh, Amrik J"]
[Result "0-1"]
[TimeControl "All moves in 15 minutes plus 10 second increment per move from move 1"]
[WhiteElo "1517"]
[BlackElo "2000"]

1. e4 {[%clk 00:15:13]} {[%emt 00:00:07]} g6 {[%clk 00:15:29]} {[%emt
00:00:02]} 2. d4 {[%clk 00:15:18]} {[%emt 00:00:04]} Bg7 {[%clk 00:15:38]}
{[%emt 00:00:02]} 3. Nf3 {[%clk 00:15:22]} {[%emt 00:00:06]} d6 {[%clk
00:15:46]} {[%emt 00:00:01]} 4. Bd3 {[%clk 00:15:15]} {[%emt 00:00:16]} a6
{[%clk 00:15:55]} {[%emt 00:00:03]} 5. Bf4 {[%clk 00:15:03]} {[%emt 00:00:21]}
Nd7 {[%clk 00:16:03]} {[%emt 00:00:03]} 6. Qd2 {[%clk 00:14:47]} {[%emt
00:00:25]} b5 {[%clk 00:16:10]} {[%emt 00:00:03]} 7. Nc3 {[%clk 00:14:52]}
{[%emt 00:00:05]} Bb7 {[%clk 00:16:18]} {[%emt 00:00:02]} 8. a4 {[%clk
00:14:54]} {[%emt 00:00:08]} b4 {[%clk 00:16:18]} {[%emt 00:00:11]} 9. Ne2
{[%clk 00:15:00]} {[%emt 00:00:03]} a5 {[%clk 00:16:27]} {[%emt 00:00:02]} 10.
O-O {[%clk 00:14:38]} {[%emt 00:00:32]} Rc8 {[%clk 00:16:36]} 11. c3 {[%clk
00:14:29]} {[%emt 00:00:19]} c5 {[%clk 00:16:42]} {[%emt 00:00:04]} 12. Rfc1
{[%clk 00:13:51]} {[%emt 00:00:47]} c4 {[%clk 00:16:43]} {[%emt 00:00:09]} 13.
Bb1 {[%clk 00:13:02]} {[%emt 00:00:58]} b3 {[%clk 00:16:51]} {[%emt 00:00:04]}
14. Ng3 {[%clk 00:12:53]} {[%emt 00:00:18]} e5 {[%clk 00:16:28]} {[%emt
00:00:33]} 15. Be3 {[%clk 00:12:07]} {[%emt 00:00:56]} h6 {[%clk 00:15:47]}
{[%emt 00:00:51]} 16. Qe2 {[%clk 00:10:49]} {[%emt 00:01:27]} Ne7 {[%clk
00:14:58]} {[%emt 00:01:00]} 17. Nd2 {[%clk 00:10:37]} {[%emt 00:00:23]} Qc7
{[%clk 00:14:16]} {[%emt 00:00:51]} 18. Nf3 {[%clk 00:09:51]} {[%emt 00:00:56]}
O-O {[%clk 00:14:09]} {[%emt 00:00:17]} 19. Qd2 {[%clk 00:09:53]} {[%emt
00:00:08]} Kh7 {[%clk 00:14:17]} {[%emt 00:00:02]} 20. Rd1 {[%clk 00:06:51]}
{[%emt 00:03:12]} Rcd8 {[%clk 00:13:08]} {[%emt 00:01:20]} 21. Qe2 {[%clk
00:06:14]} {[%emt 00:00:46]} Nf6 {[%clk 00:12:12]} {[%emt 00:01:05]} 22. Nd2
{[%clk 00:05:56]} {[%emt 00:00:29]} Rc8 {[%clk 00:12:02]} {[%emt 00:00:21]} 23.
f4 {[%clk 00:05:31]} {[%emt 00:00:33]} Nd7 {[%clk 00:11:57]} {[%emt 00:00:16]}
24. Nf3 {[%clk 00:05:13]} {[%emt 00:00:28]} f6 {[%clk 00:11:38]} {[%emt
00:00:29]} 25. Qd2 {[%clk 00:04:41]} {[%emt 00:00:43]} Rcd8 {[%clk 00:10:07]}
{[%emt 00:01:41]} 26. f5 {[%clk 00:04:02]} {[%emt 00:00:49]} g5 {[%clk
00:08:48]} {[%emt 00:01:29]} 27. Nh5 {[%clk 00:03:23]} {[%emt 00:00:49]} Rg8
{[%clk 00:06:57]} {[%emt 00:02:01]} 28. Nxg7 {[%clk 00:03:15]} {[%emt
00:00:17]} Rxg7 {[%clk 00:07:05]} {[%emt 00:00:02]} 29. Qe2 {[%clk 00:01:50]}
{[%emt 00:01:36]} Nc8 {[%clk 00:05:00]} {[%emt 00:02:15]} 30. Nd2 {[%clk
00:01:54]} {[%emt 00:00:06]} Ncb6 {[%clk 00:05:01]} {[%emt 00:00:09]} 31. d5
{[%clk 00:01:39]} {[%emt 00:00:25]} Rc8 {[%clk 00:04:50]} {[%emt 00:00:20]} 32.
Qh5 {[%clk 00:01:21]} {[%emt 00:00:28]} Nc5 {[%clk 00:04:31]} {[%emt 00:00:29]}
33. Nf3 {[%clk 00:00:16]} {[%emt 00:01:15]} Qe7 {[%clk 00:04:16]} {[%emt
00:00:26]} 0-1

[Event "British Rapidplay Championship 2023"]
[Site "Mercure Bradford, Bankfield Hotel"]
[Date "2023.04.16"]
[Round "7.22"]
[White "De Silva, Sithun"]
[Black "Holi, Siefaldin A"]
[Result "1/2-1/2"]
[TimeControl "All moves in 15 minutes plus 10 second increment per move from move 1"]
[WhiteElo "1507"]
[BlackElo "1644"]

1. e4 {[%clk 00:15:18]} {[%emt 00:00:01]} e5 {[%clk 00:13:26]} {[%emt
00:01:53]} 2. Nf3 {[%clk 00:15:25]} {[%emt 00:00:04]} Nc6 {[%clk 00:13:30]}
{[%emt 00:00:06]} 3. Bb5 {[%clk 00:15:32]} {[%emt 00:00:02]} Bd6 {[%clk
00:13:24]} {[%emt 00:00:17]} 4. O-O {[%clk 00:15:27]} {[%emt 00:00:14]} Nf6
{[%clk 00:13:33]} {[%emt 00:00:01]} 5. Re1 {[%clk 00:15:22]} {[%emt 00:00:15]}
h6 {[%clk 00:13:35]} {[%emt 00:00:08]} 6. c3 {[%clk 00:15:14]} {[%emt
00:00:18]} a6 {[%clk 00:13:44]} {[%emt 00:00:01]} 7. Ba4 {[%clk 00:15:22]}
{[%emt 00:00:02]} b5 {[%clk 00:13:36]} {[%emt 00:00:19]} 8. Bc2 {[%clk
00:15:24]} {[%emt 00:00:07]} Bb7 {[%clk 00:13:40]} {[%emt 00:00:06]} 9. d4
{[%clk 00:15:11]} {[%emt 00:00:23]} Qe7 {[%clk 00:13:02]} {[%emt 00:00:48]} 10.
d5 {[%clk 00:13:30]} {[%emt 00:01:51]} Nd8 {[%clk 00:11:03]} {[%emt 00:02:10]}
11. a4 {[%clk 00:10:28]} {[%emt 00:03:12]} c6 {[%clk 00:10:27]} {[%emt
00:00:46]} 12. axb5 {[%clk 00:10:17]} {[%emt 00:00:20]} axb5 {[%clk 00:08:45]}
{[%emt 00:01:51]} 13. Rxa8 {[%clk 00:10:25]} {[%emt 00:00:04]} Bxa8 {[%clk
00:08:54]} 14. dxc6 {[%clk 00:09:41]} {[%emt 00:00:53]} Bxc6 {[%clk 00:08:53]}
{[%emt 00:00:11]} 15. Bd3 {[%clk 00:08:50]} {[%emt 00:01:00]} Ne6 {[%clk
00:08:24]} {[%emt 00:00:40]} 16. Qe2 {[%clk 00:05:10]} {[%emt 00:03:49]} b4
{[%clk 00:07:39]} {[%emt 00:00:57]} 17. cxb4 {[%clk 00:04:48]} {[%emt
00:00:32]} Bxb4 {[%clk 00:07:48]} 18. Bd2 {[%clk 00:04:57]} {[%emt 00:00:01]}
Bd6 {[%clk 00:07:54]} {[%emt 00:00:04]} 19. Nc3 {[%clk 00:04:40]} {[%emt
00:00:26]} g5 {[%clk 00:07:54]} {[%emt 00:00:12]} 20. h4 {[%clk 00:04:16]}
{[%emt 00:00:33]} g4 {[%clk 00:07:13]} {[%emt 00:00:52]} 21. Nh2 {[%clk
00:04:20]} {[%emt 00:00:04]} h5 {[%clk 00:07:19]} {[%emt 00:00:07]} 22. Nf1
{[%clk 00:03:29]} {[%emt 00:01:00]} Nd4 {[%clk 00:07:11]} {[%emt 00:00:19]} 23.
Qd1 {[%clk 00:03:26]} {[%emt 00:00:10]} Nh7 {[%clk 00:06:38]} {[%emt 00:00:46]}
24. Be3 {[%clk 00:02:19]} {[%emt 00:01:16]} Qxh4 {[%clk 00:06:42]} {[%emt
00:00:07]} 25. Bxd4 {[%clk 00:02:23]} {[%emt 00:00:07]} exd4 {[%clk 00:06:50]}
26. Nd5 {[%clk 00:02:08]} {[%emt 00:00:24]} f6 {[%clk 00:04:14]} {[%emt
00:02:47]} 27. Qe2 {[%clk 00:00:19]} {[%emt 00:01:59]} Kf7 {[%clk 00:04:00]}
{[%emt 00:00:24]} 28. f4 {[%clk 00:00:11]} {[%emt 00:00:18]} Bxd5 {[%clk
00:02:49]} {[%emt 00:01:21]} 29. exd5 {[%clk 00:00:18]} {[%emt 00:00:03]} f5
{[%clk 00:02:13]} {[%emt 00:00:45]} 30. Bxf5 {[%clk 00:00:20]} {[%emt
00:00:08]} Qf6 {[%clk 00:02:19]} {[%emt 00:00:06]} 31. Bxd7 {[%clk 00:00:22]}
{[%emt 00:00:07]} d3 {[%clk 00:01:52]} {[%emt 00:00:38]} 32. Qe6+ {[%clk
00:00:16]} {[%emt 00:00:15]} Qxe6 {[%clk 00:01:57]} {[%emt 00:00:05]} 33. Bxe6+
{[%clk 00:00:20]} {[%emt 00:00:05]} Kf6 {[%clk 00:02:02]} {[%emt 00:00:05]} 34.
g3 {[%clk 00:00:18]} {[%emt 00:00:11]} Rb8 {[%clk 00:01:53]} {[%emt 00:00:20]}
35. Bd7 {[%clk 00:00:12]} {[%emt 00:00:15]} Nf8 {[%clk 00:01:54]} {[%emt
00:00:09]} 36. Bc6 {[%clk 00:00:16]} {[%emt 00:00:06]} Rb7 {[%emt 00:00:06]} 37.
b4 Rxb4 {[%clk 00:01:59]} 38. Rd1 {[%clk 00:00:12]} {[%emt 00:00:14]} Rb2
{[%clk 00:01:58]} 39. Rxd3 {[%clk 00:00:18]} {[%emt 00:00:14]} h4 {[%clk
00:02:02]} 40. gxh4 {[%clk 00:00:18]} Bxf4 {[%clk 00:02:02]} 1/2-1/2

[Event "British Rapidplay Championship 2023"]
[Site "Mercure Bradford, Bankfield Hotel"]
[Date "2023.04.16"]
[Round "7.23"]
[White "Cuaresma, Bien"]
[Black "Lukhi, Neev"]
[Result "0-1"]
[TimeControl "All moves in 15 minutes plus 10 second increment per move from move 1"]
[WhiteElo "1606"]
[BlackElo "1544"]

1. f4 {[%emt 00:00:10]} d5 {[%clk 00:15:12]} 2. Nf3 {[%clk 00:15:22]} {[%emt
00:00:05]} Nf6 {[%clk 00:15:13]} {[%emt 00:00:09]} 3. e3 {[%clk 00:15:27]}
{[%emt 00:00:05]} e6 {[%clk 00:15:20]} {[%emt 00:00:04]} 4. Be2 {[%clk
00:15:33]} {[%emt 00:00:04]} Be7 {[%clk 00:15:17]} {[%emt 00:00:13]} 5. O-O
{[%clk 00:15:38]} {[%emt 00:00:05]} O-O {[%clk 00:15:24]} {[%emt 00:00:03]} 6.
Qe1 {[%clk 00:15:42]} {[%emt 00:00:06]} c5 {[%clk 00:15:13]} {[%emt 00:00:21]}
7. d3 {[%clk 00:15:48]} {[%emt 00:00:04]} Nc6 {[%clk 00:15:19]} {[%emt
00:00:04]} 8. Bd1 {[%clk 00:15:51]} {[%emt 00:00:08]} b6 {[%clk 00:14:57]}
{[%emt 00:00:32]} 9. c3 {[%clk 00:15:44]} {[%emt 00:00:17]} Ba6 {[%clk
00:14:36]} {[%emt 00:00:30]} 10. Be2 {[%clk 00:15:45]} {[%emt 00:00:09]} Bb7
{[%clk 00:14:36]} {[%emt 00:00:09]} 11. Nbd2 {[%clk 00:15:25]} {[%emt
00:00:30]} Qc7 {[%clk 00:14:05]} {[%emt 00:00:41]} 12. d4 {[%clk 00:14:49]}
{[%emt 00:00:47]} c4 {[%clk 00:13:26]} {[%emt 00:00:48]} 13. Ne5 {[%clk
00:14:50]} {[%emt 00:00:08]} b5 {[%clk 00:13:07]} {[%emt 00:00:30]} 14. g4
{[%clk 00:14:38]} {[%emt 00:00:23]} b4 {[%clk 00:12:05]} {[%emt 00:01:12]} 15.
g5 {[%clk 00:14:36]} {[%emt 00:00:13]} Nd7 {[%clk 00:12:04]} {[%emt 00:00:10]}
16. Qg3 {[%clk 00:14:44]} {[%emt 00:00:02]} Ndxe5 {[%clk 00:11:16]} {[%emt
00:00:58]} 17. fxe5 {[%clk 00:14:39]} {[%emt 00:00:10]} bxc3 {[%clk 00:09:59]}
{[%emt 00:01:31]} 18. bxc3 {[%clk 00:14:48]} {[%emt 00:00:02]} Qa5 {[%clk
00:09:59]} {[%emt 00:00:10]} 19. e4 {[%clk 00:14:35]} {[%emt 00:00:23]} Ba3
{[%clk 00:08:48]} {[%emt 00:01:21]} 20. Nb3 {[%clk 00:13:30]} {[%emt 00:01:15]}
Qa4 {[%clk 00:03:54]} {[%emt 00:05:03]} 21. Bxa3 {[%clk 00:13:38]} {[%emt
00:00:02]} Qxa3 {[%clk 00:03:58]} {[%emt 00:00:06]} 22. Nc5 {[%clk 00:13:47]}
Bc8 {[%clk 00:03:35]} {[%emt 00:00:32]} 23. h4 {[%clk 00:13:29]} {[%emt
00:00:28]} Nxd4 {[%clk 00:03:30]} {[%emt 00:00:15]} 24. Bg4 {[%clk 00:11:11]}
{[%emt 00:02:28]} Nc2 {[%clk 00:02:09]} {[%emt 00:01:32]} 25. Qf2 {[%clk
00:10:32]} {[%emt 00:00:47]} Nxa1 {[%clk 00:02:07]} {[%emt 00:00:14]} 26. Rxa1
{[%clk 00:10:37]} {[%emt 00:00:04]} Qxc3 {[%clk 00:02:11]} {[%emt 00:00:07]} 27.
Rd1 {[%clk 00:09:55]} {[%emt 00:00:49]} Qxe5 {[%clk 00:02:09]} {[%emt
00:00:15]} 28. exd5 {[%clk 00:09:52]} {[%emt 00:00:13]} exd5 {[%clk 00:02:10]}
{[%emt 00:00:10]} 29. Bxc8 {[%clk 00:09:59]} {[%emt 00:00:02]} Rfxc8 {[%clk
00:02:01]} {[%emt 00:00:18]} 30. Nd7 {[%clk 00:10:08]} {[%emt 00:00:02]} Qe6
{[%clk 00:01:42]} {[%emt 00:00:27]} 31. Nf6+ {[%clk 00:10:12]} {[%emt
00:00:08]} gxf6 {[%clk 00:01:37]} {[%emt 00:00:14]} 32. Re1 {[%clk 00:09:34]}
{[%emt 00:00:49]} Qg4+ {[%clk 00:01:40]} {[%emt 00:00:07]} 33. Kh2 {[%clk
00:09:42]} {[%emt 00:00:02]} Re8 {[%clk 00:00:55]} {[%emt 00:00:55]} 34. Re3
{[%clk 00:06:19]} {[%emt 00:03:30]} Rxe3 {[%clk 00:00:56]} {[%emt 00:00:12]} 35.
Qxe3 {[%clk 00:06:26]} {[%emt 00:00:02]} Qxh4+ {[%clk 00:01:03]} {[%emt
00:00:03]} 36. Kg2 {[%clk 00:06:33]} {[%emt 00:00:04]} Qxg5+ {[%clk 00:01:12]}
{[%emt 00:00:01]} 0-1

[Event "British Rapidplay Championship 2023"]
[Site "Mercure Bradford, Bankfield Hotel"]
[Date "2023.04.16"]
[Round "7.24"]
[White "McKay, Ruairidh"]
[Black "Sasikumar, Srivathsan"]
[Result "0-1"]
[TimeControl "All moves in 15 minutes plus 10 second increment per move from move 1"]
[WhiteElo "1460"]
[BlackElo "1628"]

1. d4 {[%clk 00:15:17]} {[%emt 00:00:03]} d5 {[%clk 00:15:18]} {[%emt
00:00:03]} 2. c4 {[%clk 00:15:24]} {[%emt 00:00:03]} c6 {[%clk 00:15:24]}
{[%emt 00:00:03]} 3. Nc3 {[%clk 00:15:29]} {[%emt 00:00:06]} e6 {[%clk
00:15:32]} {[%emt 00:00:02]} 4. e3 {[%clk 00:15:35]} {[%emt 00:00:04]} Nf6
{[%clk 00:15:41]} {[%emt 00:00:02]} 5. Nf3 {[%clk 00:15:39]} {[%emt 00:00:05]}
Bd6 {[%clk 00:15:46]} {[%emt 00:00:05]} 6. Bd2 {[%clk 00:15:39]} {[%emt
00:00:10]} Nbd7 {[%clk 00:15:53]} {[%emt 00:00:03]} 7. Be2 {[%clk 00:15:40]}
{[%emt 00:00:08]} dxc4 {[%clk 00:15:59]} {[%emt 00:00:05]} 8. Bxc4 {[%clk
00:15:48]} {[%emt 00:00:02]} b5 {[%clk 00:16:04]} {[%emt 00:00:05]} 9. Bd3
{[%clk 00:15:14]} {[%emt 00:00:43]} O-O {[%clk 00:16:01]} {[%emt 00:00:14]} 10.
O-O {[%clk 00:15:10]} {[%emt 00:00:14]} Bb7 {[%clk 00:16:08]} {[%emt 00:00:03]}
11. a3 {[%clk 00:14:32]} {[%emt 00:00:48]} Re8 {[%clk 00:15:39]} {[%emt
00:00:40]} 12. Rc1 {[%clk 00:14:36]} {[%emt 00:00:06]} e5 {[%clk 00:15:40]}
{[%emt 00:00:09]} 13. dxe5 {[%clk 00:14:19]} {[%emt 00:00:26]} Nxe5 {[%clk
00:15:34]} {[%emt 00:00:16]} 14. Be2 {[%clk 00:13:27]} {[%emt 00:01:02]} a6
{[%clk 00:15:03]} {[%emt 00:00:41]} 15. Nxe5 {[%clk 00:12:47]} {[%emt
00:00:49]} Bxe5 {[%clk 00:15:05]} {[%emt 00:00:08]} 16. Bf3 {[%clk 00:12:48]}
{[%emt 00:00:09]} Qc7 {[%clk 00:14:47]} {[%emt 00:00:27]} 17. g3 {[%clk
00:12:54]} {[%emt 00:00:05]} Rad8 {[%clk 00:14:51]} {[%emt 00:00:06]} 18. Qc2
{[%clk 00:12:21]} {[%emt 00:00:43]} c5 {[%clk 00:14:23]} {[%emt 00:00:38]} 19.
Bxb7 {[%clk 00:10:59]} {[%emt 00:01:31]} Qxb7 {[%clk 00:14:31]} {[%emt
00:00:03]} 20. Ne2 {[%clk 00:10:02]} {[%emt 00:01:07]} Ne4 {[%clk 00:13:42]}
{[%emt 00:00:58]} 21. Bc3 {[%clk 00:07:43]} {[%emt 00:02:30]} Bxc3 {[%clk
00:07:51]} {[%emt 00:06:01]} 22. Nxc3 {[%clk 00:07:34]} {[%emt 00:00:19]} Nd2
{[%clk 00:04:51]} {[%emt 00:03:09]} 23. e4 {[%clk 00:07:03]} {[%emt 00:00:42]}
Nxf1 {[%clk 00:04:57]} {[%emt 00:00:04]} 24. Rxf1 {[%clk 00:06:29]} {[%emt
00:00:45]} Qe7 {[%clk 00:04:17]} {[%emt 00:00:49]} 25. f3 {[%clk 00:06:28]}
{[%emt 00:00:11]} c4 {[%clk 00:04:20]} {[%emt 00:00:07]} 26. Nd5 {[%clk
00:06:23]} {[%emt 00:00:15]} Qc5+ {[%clk 00:04:27]} {[%emt 00:00:03]} 27. Kg2
{[%clk 00:06:27]} {[%emt 00:00:06]} a5 {[%clk 00:04:24]} {[%emt 00:00:13]} 28.
Rc1 {[%clk 00:06:03]} {[%emt 00:00:34]} f5 {[%clk 00:04:18]} {[%emt 00:00:15]}
29. b3 {[%clk 00:02:36]} {[%emt 00:03:38]} fxe4 {[%clk 00:04:17]} {[%emt
00:00:11]} 30. fxe4 {[%clk 00:02:44]} {[%emt 00:00:02]} Rc8 {[%clk 00:02:58]}
{[%emt 00:01:27]} 31. Qb2 {[%clk 00:02:11]} {[%emt 00:00:45]} Rxe4 {[%clk
00:01:39]} {[%emt 00:01:29]} 32. bxc4 {[%clk 00:01:40]} {[%emt 00:00:41]} bxc4
{[%clk 00:01:06]} {[%emt 00:00:43]} 33. Nc3 {[%clk 00:01:06]} {[%emt 00:00:44]}
Re3 {[%clk 00:01:04]} {[%emt 00:00:12]} 34. Qf2 {[%clk 00:00:44]} {[%emt
00:00:31]} Qc6+ {[%clk 00:00:57]} {[%emt 00:00:15]} 35. Kg1 {[%clk 00:00:53]}
{[%emt 00:00:03]} Rce8 {[%clk 00:00:56]} {[%emt 00:00:10]} 36. Rf1 {[%clk
00:00:47]} {[%emt 00:00:16]} Qe6 {[%clk 00:00:43]} {[%emt 00:00:21]} 0-1

[Event "British Rapidplay Championship 2023"]
[Site "Mercure Bradford, Bankfield Hotel"]
[Date "2023.04.16"]
[Round "7.25"]
[White "McKay, Jonathan"]
[Black "Gorrell, Elinor"]
[Result "1-0"]
[TimeControl "All moves in 15 minutes plus 10 second increment per move from move 1"]
[WhiteElo "1796"]
[BlackElo "1348"]

1. e4 {[%clk 00:15:18]} {[%emt 00:00:02]} c5 {[%clk 00:15:19]} {[%emt
00:00:02]} 2. Nf3 {[%clk 00:15:25]} {[%emt 00:00:03]} d6 {[%clk 00:15:27]}
{[%emt 00:00:01]} 3. Bb5+ {[%clk 00:15:33]} {[%emt 00:00:02]} Bd7 {[%clk
00:15:30]} {[%emt 00:00:07]} 4. Bxd7+ {[%clk 00:15:39]} {[%emt 00:00:05]} Qxd7
{[%clk 00:15:34]} {[%emt 00:00:06]} 5. c4 {[%clk 00:15:46]} {[%emt 00:00:03]}
Nc6 {[%clk 00:15:38]} {[%emt 00:00:06]} 6. Nc3 {[%clk 00:15:47]} {[%emt
00:00:09]} Nf6 {[%clk 00:15:43]} {[%emt 00:00:05]} 7. d4 {[%clk 00:15:51]}
{[%emt 00:00:06]} cxd4 {[%clk 00:15:34]} {[%emt 00:00:20]} 8. Nxd4 {[%clk
00:15:58]} {[%emt 00:00:02]} e6 {[%clk 00:15:03]} {[%emt 00:00:41]} 9. O-O
{[%clk 00:15:42]} {[%emt 00:00:26]} Be7 {[%clk 00:13:46]} {[%emt 00:01:27]} 10.
Be3 {[%clk 00:15:40]} {[%emt 00:00:11]} O-O {[%clk 00:13:51]} {[%emt 00:00:06]}
11. f4 {[%clk 00:13:56]} {[%emt 00:01:54]} e5 {[%clk 00:11:57]} {[%emt
00:02:04]} 12. Nf5 {[%clk 00:12:29]} {[%emt 00:01:36]} Rfd8 {[%clk 00:10:40]}
{[%emt 00:01:27]} 13. Nxe7+ {[%clk 00:11:40]} {[%emt 00:00:59]} Qxe7 {[%clk
00:10:47]} {[%emt 00:00:04]} 14. f5 {[%clk 00:11:41]} {[%emt 00:00:08]} a6
{[%clk 00:09:17]} {[%emt 00:01:42]} 15. g4 {[%clk 00:10:12]} {[%emt 00:01:38]}
Ne8 {[%clk 00:06:45]} {[%emt 00:02:43]} 16. g5 {[%clk 00:10:05]} {[%emt
00:00:17]} h6 {[%clk 00:04:38]} {[%emt 00:02:17]} 17. Nd5 {[%clk 00:09:11]}
{[%emt 00:01:03]} Qf8 {[%clk 00:03:16]} {[%emt 00:01:33]} 18. gxh6 {[%clk
00:08:35]} {[%emt 00:00:45]} gxh6 {[%clk 00:03:12]} {[%emt 00:00:14]} 19. Qh5
{[%clk 00:08:11]} {[%emt 00:00:32]} Qg7+ {[%clk 00:02:11]} {[%emt 00:01:13]} 20.
Kh1 {[%clk 00:08:09]} {[%emt 00:00:10]} Kh7 {[%clk 00:02:19]} {[%emt 00:00:05]}
21. Rg1 {[%clk 00:08:13]} {[%emt 00:00:05]} Qf8 {[%clk 00:02:00]} {[%emt
00:00:30]} 22. f6 {[%clk 00:08:05]} {[%emt 00:00:18]} a5 {[%clk 00:00:28]}
{[%emt 00:01:43]} 23. Bxh6 {[%clk 00:07:13]} {[%emt 00:00:59]} Qxh6 {[%clk
00:00:23]} {[%emt 00:00:17]} 24. Qxf7+ {[%clk 00:07:20]} {[%emt 00:00:02]} Ng7
{[%clk 00:00:14]} {[%emt 00:00:20]} 25. fxg7 {[%clk 00:07:16]} {[%emt
00:00:13]} Rg8 {[%clk 00:00:17]} {[%emt 00:00:09]} 26. Qf5+ {[%clk 00:07:20]}
{[%emt 00:00:06]} Qg6 {[%clk 00:00:20]} {[%emt 00:00:07]} 27. Qxg6# {[%clk
00:07:11]} {[%emt 00:00:05]} 1-0

[Event "British Rapidplay Championship 2023"]
[Site "Mercure Bradford, Bankfield Hotel"]
[Date "2023.04.16"]
[Round "7.26"]
[White "Baxter, Martin"]
[Black "Galloway, Peter"]
[Result "1-0"]
[TimeControl "All moves in 15 minutes plus 10 second increment per move from move 1"]
[WhiteElo "1766"]
[BlackElo "1324"]

1. e4 {[%clk 00:15:17]} {[%emt 00:00:03]} c5 {[%clk 00:15:18]} {[%emt
00:00:02]} 2. a3 {[%clk 00:15:24]} {[%emt 00:00:03]} d6 {[%clk 00:15:23]}
{[%emt 00:00:05]} 3. Nc3 {[%clk 00:15:29]} {[%emt 00:00:05]} e6 {[%clk
00:15:32]} {[%emt 00:00:01]} 4. f4 {[%clk 00:15:36]} {[%emt 00:00:03]} Nf6
{[%clk 00:15:34]} {[%emt 00:00:08]} 5. Nf3 {[%clk 00:15:44]} {[%emt 00:00:02]}
a6 {[%clk 00:15:38]} {[%emt 00:00:07]} 6. Be2 {[%clk 00:15:26]} {[%emt
00:00:26]} Be7 {[%clk 00:15:47]} {[%emt 00:00:03]} 7. O-O {[%clk 00:15:33]}
{[%emt 00:00:02]} O-O {[%clk 00:15:54]} {[%emt 00:00:03]} 8. d3 {[%clk
00:15:35]} {[%emt 00:00:07]} b5 {[%clk 00:15:45]} {[%emt 00:00:21]} 9. e5
{[%clk 00:15:21]} {[%emt 00:00:23]} dxe5 {[%clk 00:15:44]} {[%emt 00:00:12]} 10.
fxe5 {[%clk 00:15:28]} {[%emt 00:00:02]} Nfd7 {[%clk 00:15:47]} {[%emt
00:00:07]} 11. Qe1 {[%clk 00:15:15]} {[%emt 00:00:22]} Bb7 {[%clk 00:15:26]}
{[%emt 00:00:32]} 12. Qg3 {[%clk 00:15:01]} {[%emt 00:00:24]} Re8 {[%clk
00:14:05]} {[%emt 00:01:31]} 13. Ne4 {[%clk 00:13:22]} {[%emt 00:01:49]} Bxe4
{[%clk 00:13:10]} {[%emt 00:01:05]} 14. dxe4 {[%clk 00:13:29]} {[%emt
00:00:03]} Nf8 {[%clk 00:12:36]} {[%emt 00:00:44]} 15. Be3 {[%clk 00:11:40]}
{[%emt 00:01:58]} Ng6 {[%clk 00:12:09]} {[%emt 00:00:38]} 16. Rad1 {[%clk
00:11:15]} {[%emt 00:00:35]} Qc7 {[%clk 00:12:09]} {[%emt 00:00:09]} 17. h4
{[%clk 00:10:22]} {[%emt 00:01:03]} Nc6 {[%clk 00:11:49]} {[%emt 00:00:32]} 18.
h5 {[%clk 00:07:43]} {[%emt 00:02:47]} Ngxe5 {[%clk 00:09:28]} {[%emt
00:02:31]} 19. h6 {[%clk 00:07:18]} {[%emt 00:00:36]} g6 {[%clk 00:07:23]}
{[%emt 00:02:15]} 20. Ng5 {[%clk 00:06:20]} {[%emt 00:01:08]} Rf8 {[%clk
00:06:15]} {[%emt 00:01:19]} 21. Rf2 {[%clk 00:04:38]} {[%emt 00:01:51]} Rad8
{[%clk 00:04:41]} {[%emt 00:01:44]} 22. Rdf1 {[%clk 00:04:45]} {[%emt
00:00:03]} Nd4 {[%clk 00:03:49]} {[%emt 00:01:02]} 23. Bxd4 {[%clk 00:04:03]}
{[%emt 00:00:51]} cxd4 {[%clk 00:03:20]} {[%emt 00:00:40]} 24. Rxf7 {[%clk
00:03:32]} {[%emt 00:00:41]} Qc5 {[%clk 00:02:33]} {[%emt 00:00:57]} 25. Rg7+
{[%clk 00:03:02]} {[%emt 00:00:39]} Kh8 {[%clk 00:02:33]} {[%emt 00:00:10]} 26.
Rxh7+ {[%clk 00:03:09]} {[%emt 00:00:03]} Kg8 {[%clk 00:02:38]} {[%emt
00:00:05]} 27. Rg7+ {[%clk 00:02:49]} {[%emt 00:00:30]} Kh8 {[%clk 00:02:47]}
{[%emt 00:00:02]} 28. Rxf8+ {[%clk 00:02:51]} {[%emt 00:00:08]} Bxf8 {[%clk
00:02:36]} {[%emt 00:00:21]} 29. Nxe6 {[%clk 00:02:53]} {[%emt 00:00:08]} Qxc2
{[%clk 00:02:29]} {[%emt 00:00:17]} 30. Qxe5 {[%clk 00:02:46]} {[%emt
00:00:17]} Qc1+ {[%clk 00:02:28]} {[%emt 00:00:11]} 31. Bf1 {[%clk 00:02:48]}
{[%emt 00:00:07]} Qxh6 {[%clk 00:02:34]} {[%emt 00:00:04]} 32. Rxg6+ {[%clk
00:02:33]} {[%emt 00:00:25]} 1-0